NOTES FOR FINAL MBBS / (Record no. 794895)

MARC details
000 -LEADER
fixed length control field 00498pam a2200193 a 4500
020 ## - INTERNATIONAL STANDARD BOOK NUMBER
Terms of availability 105.00 (PB)
041 ## - LANGUAGE CODE
Language code of text/sound track or separate title eng
Language code of original NULL
082 ## - DEWEY DECIMAL CLASSIFICATION NUMBER
Classification number 616
Item number DAL/DAG
100 ## - MAIN ENTRY--PERSONAL NAME
Personal name DALAL, B .
245 ## - TITLE STATEMENT
Title NOTES FOR FINAL MBBS /
Statement of responsibility, etc. NULL.
Medium Textual Documents
260 ## - PUBLICATION, DISTRIBUTION, ETC.
Place of publication, distribution, etc. NULL :
Name of publisher, distributor, etc. DALAI DAGLI ,
Date of publication, distribution, etc. 2003.
300 ## - PHYSICAL DESCRIPTION
Extent 66 :
Other physical details SPIRIAL BIND ;
Dimensions A4 .
365 ## - TRADE PRICE
Price type code 105.00
Price note 4
650 ## - SUBJECT ADDED ENTRY--TOPICAL TERM
Topical term or geographic name entry element GEN.MEDICINE
700 ## - ADDED ENTRY--PERSONAL NAME
Personal name DAGLI, P .
907 ## - LOCAL DATA ELEMENT G, LDG (RLIN)
a 1675
-- 1676
-- 1677
-- 1678
930 ## - EQUIVALENCE OR CROSS-REFERENCE-UNIFORM TITLE HEADING [LOCAL, CANADA]
Uniform title 359
Holdings
Withdrawn status Lost status Damaged status Not for loan Collection Home library Current library Date acquired Source of acquisition Cost, normal purchase price Total Checkouts Full call number Barcode Date last seen Copy number Price effective from Koha item type Date due Date last checked out
          Medical College & Hospital, Sangli Medical College & Hospital, Sangli 28/11/2011 105.00   616 DAL/DAG MCS-1678 26/07/2023 5 26/07/2023 Book    
          Medical College & Hospital, Sangli Medical College & Hospital, Sangli 28/11/2011 105.00   616 DAL/DAG MCS-1677 26/07/2023 4 26/07/2023 Book    
          Medical College & Hospital, Sangli Medical College & Hospital, Sangli 28/11/2011 105.00 1 616 DAL/DAG MCS-1676 06/10/2023 3 26/07/2023 Book 01/10/2043 06/10/2023
          Medical College & Hospital, Sangli Medical College & Hospital, Sangli 28/11/2011 105.00 1 616 DAL/DAG MCS-1675 06/10/2023 2 26/07/2023 Book 01/10/2043 06/10/2023
          Medical College & Hospital, Sangli Medical College & Hospital, Sangli 28/11/2011 105.00   616 DAL/DAG MCS-1674 26/07/2023 1 26/07/2023 Book